| 000 | 00701cab a2200229 4500 | ||
|---|---|---|---|
| 001 | ABS39053 | ||
| 008 | 090401t1988 xxu||||| |||| 00| 0 eng d | ||
| 035 | _a(Sirsi) u14083 | ||
| 041 | _aeng | ||
| 245 | _aAlternative land use | ||
| 260 | _c1988 | ||
| 350 | _a0 | ||
| 490 |
_aFarm Development Review _v(205) March 1988 |
||
| 520 | _aThis issue includes details of budgets for snail production and articles on the management of intensive fish production, the marketing of organic produce and rabbit farming. | ||
| 650 | _aALTERNATIVE USES | ||
| 650 | _aDIVERSIFICATION | ||
| 650 | _aFARMING | ||
| 650 | _aFISH FARMING | ||
| 690 | _aRURAL PRACTICE | ||
| 942 |
_n0 _2ddc |
||
| 948 | _c04/03/1997 | ||
| 999 |
_c9132 _d9132 |
||